000 00380nam a2200145Ia 4500
005 20250729165804.0
008 250729s2011 xx 000 0 und d
041 _akan
082 _a494.25 SWAM
100 _aSwami Budhananda
_9233031
245 _aMannasu Mattu Adara Nigraha
260 _aMysore
_bShri Ramakrishna Ashrama
_c2011
300 _a100p
650 _aKannada
_9233032
999 _c240078
_d240078